[Event "Pan American-ch U12 Girls 34th"]
[Site "Orlando"]
[Date "2024.07.19"]
[Round "7"]
[White "Fei, Irene Jiao"]
[Black "Guzman Garcia, Mia Fernanda"]
[Result "1-0"]
[WhiteElo "1848"]
[BlackElo "1854"]
[PlyCount "157"]
[EventDate "2024.07.15"]
[EventType "swiss"]
[EventRounds "9"]
[EventCountry "USA"]
[SourceTitle "EXT 2025"]
[Source "ChessBase"]
[SourceDate "2024.10.14"]
[SourceVersion "1"]
[SourceVersionDate "2024.10.14"]
[SourceQuality "1"]
[WhiteTeam "USA"]
[BlackTeam "MEX"]

1. d4 Nf6 2. Nf3 e6 3. Bf4 d5 4. e3 c5 5. c3 Nc6 6. Nbd2 Bd6 7. Bg3 0-0 8. Bd3 b6 9. Qe2 Bb7 10. Rd1 Re8 11. e4 dxe4 12. Nxe4 Nxe4 13. Bxe4 cxd4 14. Nxd4 Nxd4 15. Rxd4 Bd5 16. 0-0 Bc5 17. Rd3 Qg5 18. Bxd5 exd5 19. Qf3 Rad8 20. h4 Qg6 21. b4 Bd6 22. Rfd1 Bxg3 23. fxg3 h6 24. Kh2 Rd6 25. Rxd5 Rxd5 26. Qxd5 Re3 27. Qd8+ Kh7 28. Qc7 Qc2 29. Rf1 Re2 30. Qc6 Qxa2 31. c4 Re7 32. b5 Qe2 33. Rf4 Qe5 34. Qf3 Qc7 35. Qd3+ Kg8 36. Rd4 Re8 37. Rd7 Qb8 38. Qd5 Rf8 39. Re7 Qa8 40. Qd7 a6 41. bxa6 Qxa6 42. Re8 Rxe8 43. Qxe8+ Kh7 44. Qxf7 Qc8 45. Qd5 Qc7 46. Kh3 Qc8+ 47. g4 Kh8 48. Kg3 Qc7+ 49. Kf3 Qc8 50. g5 h5 51. g6 Qg4+ 52. Ke3 Qg3+ 53. Kd4 Qxh4+ 54. Qe4 Qd8+ 55. Kc3 Qf6+ 56. Kb3 Qd8 57. Qd5 Qxd5 58. cxd5 Kg8 59. Kb4 Kf8 60. Kb5 Ke7 61. Kc6 b5 62. Kxb5 Kd6 63. Kc4 h4 64. Kd4 h3 65. gxh3 Kd7 66. Ke5 Ke7 67. d6+ Kd7 68. Kd5 Kd8 69. Ke6 Ke8 70. h4 Kd8 71. d7 Kc7 72. Ke7 Kb7 73. d8Q Ka6 74. Qb8 Ka5 75. Kd6 Ka4 76. Kc5 Ka3 77. Kc4 Ka2 78. Kc3 Ka1 79. Qb2# 1-0

[Event "Pan American-ch U12 Girls 34th"]
[Site "Orlando"]
[Date "2024.07.17"]
[Round "4"]
[White "Li, Sophie"]
[Black "Guzman Garcia, Mia Fernanda"]
[Result "1-0"]
[WhiteElo "1748"]
[BlackElo "1854"]
[PlyCount "173"]
[EventDate "2024.07.15"]
[EventType "swiss"]
[EventRounds "9"]
[EventCountry "USA"]
[SourceTitle "EXT 2025"]
[Source "ChessBase"]
[SourceDate "2024.10.14"]
[SourceVersion "1"]
[SourceVersionDate "2024.10.14"]
[SourceQuality "1"]

1. e4 c5 2. Ne2 d6 3. g3 Nc6 4. Bg2 g6 5. Nbc3 Bg7 6. b3 e6 7. Bb2 Nge7 8. Rb1 0-0 9. 0-0 b6 10. Na4 Bb7 11. Bxg7 Kxg7 12. d4 Qc7 13. Nb2 Rfd8 14. Qd2 Ba6 15. c4 cxd4 16. Nxd4 Nxd4 17. Qxd4+ e5 18. Qd2 Nc6 19. Nd3 Nd4 20. Nb4 Bb7 21. Nc2 Nxc2 22. Qxc2 d5 23. exd5 Bxd5 24. Bxd5 Rxd5 25. Qe4 Rdd8 26. Rfe1 Re8 27. Rbd1 f5 28. Qd3 Re7 29. Qc3 Rae8 30. Rd5 Kg8 31. c5 bxc5 32. Qc4 Kg7 33. Rxc5 Qd6 34. Rd5 Qf6 35. Red1 e4 36. Rd7 Qf7 37. Qc7 a6 38. R1d6 Kg8 39. Rxe7 Rxe7 40. Qc8+ Kg7 41. Qc3+ Kh6 42. Rxa6 Rd7 43. Qe3+ Kg7 44. Kg2 h6 45. Qc3+ Kh7 46. Ra8 Qg7 47. Qxg7+ Kxg7 48. Ra6 Rd2 49. Kf1 Rb2 50. h4 g5 51. h5 f4 52. gxf4 gxf4 53. Rg6+ Kh7 54. Re6 Rxa2 55. Rxe4 Rb2 56. Rb4 Kg7 57. Rb6 Kh7 58. Kg2 Kg7 59. Kf3 Kh7 60. b4 Kg7 61. b5 Kh7 62. Rb7+ Kg8 63. b6 Rb5 64. Rb8+ Kf7 65. b7 Rb3+ 66. Kxf4 Rb4+ 67. Ke5 Rb5+ 68. Kd6 Rb6+ 69. Kc5 Rb1 70. Rh8 Rc1+ 71. Kd4 Rd1+ 72. Ke3 Re1+ 73. Kd2 Rf1 74. b8Q Rxf2+ 75. Ke1 Rf5 76. Rf8+ Ke6 77. Rxf5 Kxf5 78. Qf8+ Kg4 79. Qxh6 Kh4 80. Qf4+ Kxh5 81. Qg3 Kh6 82. Kf2 Kh7 83. Kf3 Kh8 84. Kf4 Kh7 85. Kf5 Kh8 86. Kf6 Kh7 87. Qg7# 1-0

[Event "Pan American-ch U12 Girls 34th"]
[Site "Orlando"]
[Date "2024.07.15"]
[Round "1"]
[White "Serrano, Hillary Nicole"]
[Black "Guzman Garcia, Mia Fernanda"]
[Result "1/2-1/2"]
[WhiteElo "1564"]
[BlackElo "1854"]
[PlyCount "170"]
[EventDate "2024.07.15"]
[EventType "swiss"]
[EventRounds "9"]
[EventCountry "USA"]
[SourceTitle "EXT 2025"]
[Source "ChessBase"]
[SourceDate "2024.10.14"]
[SourceVersion "1"]
[SourceVersionDate "2024.10.14"]
[SourceQuality "1"]

1. e4 c5 2. Nf3 d6 3. Nc3 a6 4. d4 cxd4 5. Nxd4 Nf6 6. Be2 e6 7. Be3 Be7 8. Qd2 Nbd7 9. f4 Nc5 10. Bf3 Qc7 11. b4 Ncd7 12. Nb3 d5 13. exd5 Bxb4 14. Bd4 exd5 15. a3 Bxc3 16. Bxc3 0-0 17. 0-0 b6 18. Bxd5 Nxd5 19. Qxd5 Bb7 20. Qd3 Rac8 21. Bb4 Qxc2 22. Qh3 Nc5 23. Nxc5 bxc5 24. Rac1 Qe4 25. Bc3 Rcd8 26. Rce1 Qc6 27. Re3 Rd6 28. Rg3 Rg6 29. f5 Rxg3 30. Qxg3 f6 31. Rf4 Re8 32. Rg4 Qd7 33. h4 Re4 34. Rxe4 Bxe4 35. Bxf6 Bxf5 36. Bc3 Qe7 37. Kh2 h6 38. Qf2 Qd6+ 39. g3 Bg6 40. Qb2 Qe7 41. Qd2 Kh7 42. Qf2 Bd3 43. Kg1 c4 44. Qd4 Qf7 45. Kh2 Qg6 46. Kh3 Bf1+ 47. Kh2 Qc2+ 48. Qd2 Qxd2+ 49. Bxd2 Bd3 50. g4 Kg6 51. Kg3 h5 52. a4 Bc2 53. Kf4 hxg4 54. Kxg4 Bxa4 55. h5+ Kh7 56. Kf5 Bd1 57. Kg5 Kg8 58. Kg6 Bc2+ 59. Kg5 Kf7 60. Bc3 Bh7 61. Kf4 Bd3 62. Ke5 Be2 63. Kd5 Bxh5 64. Kxc4 g5 65. Kd5 Bf3+ 66. Ke5 Kg6 67. Bd2 g4 68. Be1 Kg5 69. Bd2+ Kh4 70. Kf4 Kh3 71. Be1 Kg2 72. Ba5 Kf2 73. Bb6+ Ke2 74. Bc7 Kd3 75. Kf5 Kc4 76. Kf4 Kb4 77. Ke3 a5 78. Kd3 a4 79. Kc2 Ka3 80. Kb1 Be4+ 81. Ka1 Kb3 82. Be5 a3 83. Bd6 a2 84. Be5 g3 85. Bxg3 Bb1 1/2-1/2

[Event "Wch U20 Girls 39th"]
[Site "Mexico City"]
[Date "2023.09.27"]
[Round "7"]
[White "Guzman Garcia, Mia Fernanda"]
[Black "Mogollon Tobar, Nicolle Juliet"]
[Result "0-1"]
[WhiteElo "1753"]
[BlackElo "1943"]
[PlyCount "102"]
[EventDate "2023.09.21"]
[EventType "swiss"]
[EventRounds "11"]
[EventCountry "MEX"]
[SourceTitle "CBM 216 Extra"]
[Source "ChessBase"]
[SourceDate "2023.11.30"]
[SourceVersion "1"]
[SourceVersionDate "2023.11.30"]
[SourceQuality "1"]

1. e4 e6 2. d4 d5 3. Nc3 Bb4 4. e5 b6 5. a3 Bxc3+ 6. bxc3 Qd7 7. Nf3 Ba6 8. Bxa6 Nxa6 9. Qd3 Nb8 10. 0-0 Ne7 11. c4 dxc4 12. Qxc4 0-0 13. Bb2 Nbc6 14. Qe2 b5 15. c3 Na5 16. Nd2 Qd5 17. Ne4 Nc4 18. Nc5 Nc6 19. Nd3 Ne7 20. Bc1 Qd7 21. Nc5 Qc6 22. Re1 Ng6 23. Nb3 a5 24. Be3 a4 25. Nc5 Nh4 26. Qg4 Nf5 27. Bg5 Kh8 28. Qh5 Nb6 29. g4 Qf3 30. Rad1 g6 31. Bf6+ Kg8 32. Qg5 h6 33. Rd3 Qxd3 34. Qc1 Qh3 35. gxf5 exf5 36. Re3 Qh5 37. Rg3 Nd5 38. Nd7 Rfd8 39. Bxd8 Rxd8 40. Nf6+ Nxf6 41. exf6 Rd6 42. Qf4 Rxf6 43. Qxc7 f4 44. Qc8+ Kg7 45. Rg4 Re6 46. f3 Qf5 47. Qc7 Qb1+ 48. Kf2 Qe1+ 49. Kg2 Re2+ 50. Kh3 Qf1+ 51. Kh4 Rxh2# 0-1

[Event "Wch U20 Girls 39th"]
[Site "Mexico City"]
[Date "2023.09.24"]
[Round "5"]
[White "Guzman Garcia, Mia Fernanda"]
[Black "Sultanbek, Zeinep"]
[Result "0-1"]
[WhiteElo "1753"]
[BlackElo "2022"]
[PlyCount "94"]
[EventDate "2023.09.21"]
[EventType "swiss"]
[EventRounds "11"]
[EventCountry "MEX"]
[SourceTitle "CBM 216 Extra"]
[Source "ChessBase"]
[SourceDate "2023.11.30"]
[SourceVersion "1"]
[SourceVersionDate "2023.11.30"]
[SourceQuality "1"]

1. e4 c5 2. Nf3 d6 3. d4 cxd4 4. Nxd4 Nf6 5. Nc3 a6 6. Be3 e5 7. Nb3 Be6 8. Be2 Be7 9. 0-0 0-0 10. Qd2 Nbd7 11. a4 Nb6 12. a5 Nc4 13. Bxc4 Bxc4 14. Rfe1 Rc8 15. f3 Qe8 16. Nc1 d5 17. Nxd5 Bxd5 18. exd5 Qb5 19. d6 Rfd8 20. Nd3 Bxd6 21. Bg5 Be7 22. Qe2 e4 23. Bxf6 Bxf6 24. fxe4 Bxb2 25. Rab1 Bd4+ 26. Kh1 Qxa5 27. Rxb7 Rc7 28. Rxc7 Qxc7 29. Nb4 a5 30. Nd5 Qa7 31. c3 Bc5 32. g3 h6 33. Qa2 a4 34. Kg2 a3 35. Ra1 Qa4 36. c4 Rb8 37. Nc3 Qc6 38. Rb1 Rxb1 39. Qxb1 Qf6 40. Qc2 Qd4 41. Nb5 Qg1+ 42. Kf3 Qe3+ 43. Kg2 Qg1+ 44. Kh3 Qf1+ 45. Kg4 h5+ 46. Kxh5 Qh3+ 47. Kg5 Be3# 0-1